La responsabilidad social de la universidad de cara al Chile del 2010
Guardat en:
| Autors principals: | , |
|---|---|
| Format: | Llibre |
| Idioma: | espanyol |
| Publicat: |
Santiago
Corporación Participa
2003
|
| Edició: | 1a. ed |
| Col·lecció: | La Universidad Construye País, 2
|
| Matèries: | |
| Etiquetes: |
Afegir etiqueta
Sense etiquetes, Sigues el primer a etiquetar aquest registre!
|
MARC
| LEADER | 00000nam a2200000 a 4500 | ||
|---|---|---|---|
| 001 | UCG3925 | ||
| 003 | CL-VaPUC | ||
| 008 | 100923e20030500CL |||||||||||||||||spa|d | ||
| 082 | 0 | 4 | |a 658.408 |b DEL |2 21 |
| 100 | 0 | |a Delpiano, Catalina |e author |9 553228 | |
| 700 | 0 | |a Ardiles, Carolina |e author |9 553229 | |
| 245 | 1 | 3 | |a La responsabilidad social de la universidad de cara al Chile del 2010 |
| 250 | |a 1a. ed | ||
| 300 | |a 123 p | ||
| 942 | |c BK | ||
| 945 | |d 20100923 00:00:00 |a mfarfan | ||
| 260 | |a Santiago |b Corporación Participa |c 2003 | ||
| 650 | 7 | |a RESPONSABILIDAD SOCIAL UNIVERSITARIA |2 CL-VaPUC |9 549745 | |
| 650 | 0 | |a Educación superior |9 223851 | |
| 650 | 7 | |a FORMACION PROFESIONAL DOCENTE |2 CL-VaPUC |9 547071 | |
| 583 | |a last modification |c 20100923 00:00:00 |k Rodrigo Vera | ||
| 490 | 0 | |a La Universidad Construye País, 2 | |
| 999 | |c 342863 |d 342861 | ||
| 952 | |0 0 |1 0 |4 0 |6 658_408000000000000_DEL_2003 |7 0 |8 A |9 439512 |a BIBTEO |b BIBTEO |d 2019-11-22 |i 4718518 |o 658.408 DEL 2003 |p 4718518 |r 2025-01-17 |w 2019-11-22 |y BK |k ICR | ||
| 952 | |0 0 |1 0 |4 0 |6 658_408000000000000_DEL_2003 |7 0 |8 A |9 439513 |a BIBEDU |b BIBEDU |d 2019-11-22 |i 4718526 |o 658.408 DEL 2003 |p 4718526 |r 2019-11-22 |w 2019-11-22 |y BK |k EDU | ||